Krásny a nie drahý šport Na Janigovej majstrovstvá mládeže v halovej lukostreľbe

Bibliographic Details
Main Author: vac (Author)
Format: Article
Language:Slovak
PhysicalDescription:1 obr.
Subjects:

MARC

LEADER 00000nab a2200000 a 4500
001 vtls000903810
003 SK-MaSNL
005 20260302172816.0
008 040720e19980326xo 0 slo
035 |a KE12767 
040 |a KEVKJB  |b slo  |c KEVKJB  |e AACR2 
041 0 |a slo 
044 |a xo  |c SK 
080 |a 799.32  |2 1981 
100 0 |a vac  |4 aut  |9 879466 
245 1 0 |a Krásny a nie drahý šport  |b Na Janigovej majstrovstvá mládeže v halovej lukostreľbe 
300 |b 1 obr. 
611 1 7 |a majstrovstvá Slovenska  |2 KEVKJB  |9 873318 
650 0 7 |a lukostreľba halová  |2 KEVKJB  |9 879467 
650 0 7 |a roč. 5.  |2 KEVKJB  |9 879468 
650 0 7 |a priebeh  |2 KEVKJB  |9 29559 
650 0 7 |a výsledky  |2 KEVKJB  |9 493505 
651 7 |a Košice (Slovensko)  |2 KEVKJB  |9 18694 
651 7 |a KE,  |2 KEVKJB  |9 877256 
655 7 |a periodikum  |2 snkbucl  |9 29553 
773 0 8 |t Košický večer  |g Roč. 9  |g Roč. 30, č.59, 26.3.1998, s. 11 
852 |a ZVYKNI  |b KIS3GCP 
999 |c 1399756  |d 1401686